00906nam a22002535i 450000100060000000300090000600500170001500700030003200800410003502000180007608000220009408000230011610000390013924500650017826000330024330000300027649000280030665100540033465100560038883000360044485200330048099900170051395201220053017376ES-MaACL20230906151551.0t|010226s2000 sp ||||1| spa d a84-87528-11-2 a327(460)"1955/75" a327(460)"1975/..."1 aPiniés y Rubio, Jaime de.99213210aEpisodios de un diplomático / cJaime de Piniés y Rubio. aBurgos : bDossoles, c2000. a447 p. : bil. ; c24 cm.1 aLa valija diplomática aEspaña-xPolítica exterior-y1939-1975.98425 aEspaña-xPolítica exterior-y1975-1982.91718630 aLa valija diplomática9188811 aES-MaACLjL-24285 bR.129030 c17376d17376 00104070aATENEOMbATENEOMcDEPO2d2008-01-17eSCl0oL-24285p1017729r2023-02-23 00:00:00w2023-02-23yMONOGRAFIA